| 000 | aam a22 a 4500 | ||
|---|---|---|---|
| 999 |
_c4739 _d4739 |
||
| 003 | AKMAL | ||
| 005 | 20170801113957.0 | ||
| 008 | 170108s2017 my e l 000 0 may d | ||
| 020 | _cRM35.00 | ||
| 082 | 0 | 4 |
_a345.5950231 MAL _223 |
| 090 | 0 | 0 |
_a345.5950231 _bMAL |
| 110 | 1 |
_aMalaysia, _ejurisdiction governed. _9400 |
|
| 245 | 1 | 0 |
_aAKTA KESALAHAN KESELAMATAN (LANGKAH-LANGKAH KHAS) 2012 (AKTA 747) : _b(pindaan hingga Jun 2015) / _cDisusun semula oleh Penasihat Undang-Undang Mdc |
| 260 |
_aKuala Lumpur: _bMdc Publishers, _c2017. |
||
| 300 |
_a21 pages ; _c27 cm. |
||
| 490 | 1 | _aUNDANG-UNDANG MALAYSIA | |
| 650 | 1 | 0 |
_aSubversive activities _xLaw and legislation _zMalaysia _98783 |
| 830 | 0 |
_aUndang-undang Malaysia _99061 |
|
| 942 |
_2ddc _cBOOK |
||
| 950 | _lAKMAL | ||